| 000 | 01385nam a22002897a 4500 | ||
|---|---|---|---|
| 005 | 20090409113643.0 | ||
| 008 | 090305t xxu||||| |||| 00| 0 hin d | ||
| 010 | _aHIN-91039 | ||
| 020 |
_a9788183613873 _c150.00 |
||
| 035 | _aHN-63385 | ||
| 037 | _bDBAD / PUB | ||
| 040 |
_aDPL _bHN |
||
| 082 | _a821 | ||
| 100 |
_924400 _aबॅनर्जी, सुदीप |
||
| 245 |
_aउसे लौट आना चाहिए / _cसुदीप बॅनर्जी |
||
| 246 |
_aUse laut aana chahiye _bby Sundeep Benerij |
||
| 260 |
_aनई दिल्ली _bराधाकृष्ण प्रकाशन _c2010 |
||
| 270 |
_a7/31, अंसारी रोड, दरियागंज _bनई दिल्ली _e110002 _minfo@radhakrishnaprakashan.com |
||
| 300 |
_a112पृ _c22सेमी (सजिल्द) |
||
| 650 |
_924401 _aहिन्दी कविता |
||
| 650 | _924405 | ||
| 650 | _9788 | ||
| 700 | _924404 | ||
| 942 |
_adpl _cHN _2ddc _mबॅनर्जी _h821 |
||
| 999 |
_c48695 _d48695 |
||